Kaanch Ka Charaagh (Record no. 325444)

000 -LEADER
fixed length control field 00328 a2200133 4500
001 - CONTROL NUMBER
control field 90371
082 ## - DEWEY DECIMAL CLASSIFICATION NUMBER
Classification number 891.4391 ZUB
090 ## - LOCALLY ASSIGNED LC-TYPE CALL NUMBER (OCLC); LOCAL CALL NUMBER (RLIN)
-- 42691
-- 42691
100 ## - MAIN ENTRY--PERSONAL NAME
Personal name Zubairi Nasira
245 ## - TITLE STATEMENT
Title Kaanch Ka Charaagh
Statement of responsibility, etc. Nasira Zubairi
Medium Urdu
260 ## - PUBLICATION, DISTRIBUTION, ETC.
Place of publication, distribution, etc. Lahore
Name of publisher, distributor, etc. Mavra Books
Date of publication, distribution, etc. 2012
300 ## - PHYSICAL DESCRIPTION
Extent 264p.
500 ## - GENERAL NOTE
General note General Collection
942 ## - ADDED ENTRY ELEMENTS (KOHA)
Institution code [OBSOLETE] CAE NUST
Call number prefix 891.4391 ZUB
Holdings
Withdrawn status Lost status Damaged status Not for loan Collection code Permanent Location Current Location Date acquired Total Checkouts Full call number Barcode Date last seen Price effective from Koha item type
          College of Aeronautical Engineering (CAE) College of Aeronautical Engineering (CAE) 04/03/2017   891.4391 ZUB CAE86246 04/05/2017 04/05/2017 Book
© 2023 Central Library, National University of Sciences and Technology. All Rights Reserved.